Tai khamyang samaj aru sanskriti (Record no. 8748)
[ view plain ]
| 000 -LEADER | |
|---|---|
| fixed length control field | 00502cam a2200205ua 4500 |
| 008 - FIXED-LENGTH DATA ELEMENTS--GENERAL INFORMATION | |
| fixed length control field | 160812n ii |||gr||||Z||||||asm |
| 020 ## - INTERNATIONAL STANDARD BOOK NUMBER | |
| International Standard Book Number | 9789381710180 |
| 040 ## - CATALOGING SOURCE | |
| Transcribing agency | MAIN |
| 041 ## - LANGUAGE CODE | |
| -- | asm |
| 082 ## - DEWEY DECIMAL CLASSIFICATION NUMBER | |
| Classification number | 305.8 |
| 100 ## - MAIN ENTRY--PERSONAL NAME | |
| Personal name | Rajkhowa, Ajanta, |
| Relator term | |
| 245 ## - TITLE STATEMENT | |
| Title | Tai khamyang samaj aru sanskriti |
| Statement of responsibility, etc. | by Ajanta Rajkhowa |
| 250 ## - EDITION STATEMENT | |
| Edition statement | 1st ed. |
| 260 ## - PUBLICATION, DISTRIBUTION, ETC. | |
| Place of publication, distribution, etc. | Guwahati: |
| Name of publisher, distributor, etc. | Banphool prakashan, |
| Date of publication, distribution, etc. | 2013. |
| 300 ## - PHYSICAL DESCRIPTION | |
| Extent | 120p. |
| 942 ## - ADDED ENTRY ELEMENTS (KOHA) | |
| Koha item type | Books |
| 653 ## - INDEX TERM--UNCONTROLLED | |
| Uncontrolled term | Social groups |
| 653 ## - INDEX TERM--UNCONTROLLED | |
| Uncontrolled term | Tai people |
| Withdrawn status | Lost status | Damaged status | Not for loan | Home library | Current library | Shelving location | Date acquired | Total Checkouts | Full call number | Barcode | Date last seen | Copy number | Price effective from | Koha item type |
|---|---|---|---|---|---|---|---|---|---|---|---|---|---|---|
| Central Library, Naharkatiya College | Central Library, Naharkatiya College | General Stacks | 19/09/2020 | 305.8Assamese culture | RAJ | 21769 | 19/09/2020 | 1 | 19/09/2020 | Books |
